000 01205nam a2200289 a 4500
001 000027351
005 20200930030754.0
008 110331s1988 dr abc 000 0 spa d
040 _aDO-SdBNP
_bspa
_cBNPHU
082 _a930.1729335
_bO77i
100 1 _aOrtega, Elpidio,
_d1930-
_954290
245 1 3 _aLa Isabela y la arqueología en la ruta de Colón /
_cElpidio José Ortega.
260 _aSan Pedro de Macorís, República Dominicana :
_bUniversidad Central del Este,
_c1988.
300 _a100 p. :
_bil., mapas, retrs. ;
_c23 cm.
490 1 _aUniversidad Central del Este
_v68
490 1 _aV Centenario
_v2
500 _aIncluye datos biográficos del autor en la contracubierta.
504 _aBibliografía: p.99-100.
590 _aInventariado, 2020/YL
600 1 4 _aCOLÓN, CRISTÓBAL,
_d1451-1501
_xITINERARIOS
_954429
650 4 _aExcavaciones arqueológicas
_zRepública Dominicana
_zLa Isabela
_954430
650 4 _aExpediciones arqueológicas
_zRepública Dominicana
_zLa Isabela
_954431
650 4 _aArqueología
_zRepública Dominicana
_934684
830 0 _aUniversidad Central del Este ;
_n68
_954432
830 0 _aV Centenario ;
_n2
_954433
910 _aValidado. Control de calidad EMS
999 _c26843
_d26843